[Event "Vaujany op-B 6th"]
[Site "Vaujany"]
[Date "2015.??.??"]
[Round "2"]
[White "Ringot, Arnaud"]
[Black "David, Bogdan Emanuel"]
[Result "0-1"]
[WhiteElo "1689"]
[BlackElo "1820"]
[PlyCount "80"]
[EventDate "2015.07.08"]
[EventType "swiss"]
[EventRounds "9"]
[EventCountry "FRA"]
[SourceTitle "EXT 2017"]
[Source "ChessBase"]
[SourceDate "2016.10.25"]
[SourceVersion "1"]
[SourceVersionDate "2016.10.25"]
[SourceQuality "1"]

1. e4 d6 2. d4 Nf6 3. Nc3 g6 4. Be2 c6 5. f4 Bg7 6. Be3 b5 7. a3 Bb7 8. e5 Nfd7 9. Nf3 0-0 10. g4 Qb6 11. Qd2 Qc7 12. h4 Rd8 13. 0-0-0 Na6 14. Qe1 b4 15. Bxa6 bxc3 16. Bxb7 cxb2+ 17. Kxb2 Qxb7+ 18. Ka2 c5 19. Qe2 Rab8 20. Rb1 Qc6 21. h5 cxd4 22. Bxd4 dxe5 23. Bxe5 Nxe5 24. Nxe5 Qe6+ 25. Qc4 Qxc4+ 26. Nxc4 Rbc8 27. Rb4 Rd4 28. Ne3 a5 29. Rxd4 Bxd4 30. Nd5 Rxc2+ 31. Kb3 Rc5 32. Nxe7+ Kf8 33. Rd1 Kxe7 34. Rxd4 gxh5 35. g5 Ke6 36. Rd1 Kf5 37. Rf1 h4 38. Rh1 Kg4 39. Rg1+ Kf3 40. Ka4 h3 0-1